[Event "GER-ch Blitz (Women)"]
[Site "Viernheim"]
[Date "2023.07.15"]
[Round "26"]
[White "Malinowsky, Celina"]
[Black "Novikova, Margarita"]
[Result "0-1"]
[WhiteElo "1518"]
[BlackElo "1995"]
[PlyCount "116"]
[EventDate "2023.07.15"]
[EventType "tourn (blitz)"]
[EventRounds "27"]
[EventCountry "GER"]
[SourceTitle "CBM 215 Extra"]
[Source "ChessBase"]
[SourceDate "2023.09.30"]
[SourceVersion "1"]
[SourceVersionDate "2023.09.30"]
[SourceQuality "1"]

1. e4 d5 2. exd5 Qxd5 3. Nc3 Qd6 4. d4 Nf6 5. Nb5 Qd8 6. c4 a6 7. Nc3 Bg4 8. Be2 Bxe2 9. Ngxe2 e6 10. 0-0 Bd6 11. Re1 0-0 12. Bg5 h6 13. Bh4 Be7 14. a3 a5 15. Rc1 Re8 16. Bg3 Bd6 17. Nf4 Nc6 18. Qd3 Bxf4 19. Bxf4 e5 20. Bg3 exd4 21. Ne4 Nxe4 22. Rxe4 Rxe4 23. Qxe4 Qd7 24. Rd1 Re8 25. Qd3 Re7 26. Kf1 a4 27. f3 Re8 28. Bf2 Rd8 29. Bg1 Qe6 30. Bf2 Na5 31. Qe4 Qxc4+ 32. Rd3 Qc1+ 33. Be1 Qc4 34. Bxa5 Qc1+ 35. Be1 Qxb2 36. Qe7 Rf8 37. Bb4 Qb1+ 38. Ke2 Ra8 39. Rd2 Qc1 40. Kf2 Qc4 41. Qe4 c5 42. Qxb7 Re8 43. Qd7 Re3 44. Qd8+ Kh7 45. Ba5 Qc1 46. Kg3 Re6 47. Qd5 Rg6+ 48. Kh3 Rg5 49. Qe4+ f5 50. Qe5 Qc4 51. f4 Rh5+ 52. Kg3 Qb3+ 53. Kf2 Qxa3 54. Bd8 Qc3 55. Qe2 Qe3+ 56. Qxe3 dxe3+ 57. Kxe3 Rxh2 58. Be7 Rh1 0-1

[Event "Bremen Silvester op-B"]
[Site "Bremen"]
[Date "2022.12.30"]
[Round "7"]
[White "Wallhof, Dieter"]
[Black "Malinowsky, Celina"]
[Result "1/2-1/2"]
[WhiteElo "1913"]
[BlackElo "1487"]
[PlyCount "23"]
[EventDate "2022.12.27"]
[EventType "swiss"]
[EventRounds "7"]
[EventCountry "GER"]
[SourceTitle "CBM 211 Extra"]
[Source "ChessBase"]
[SourceDate "2023.01.31"]
[SourceVersion "1"]
[SourceVersionDate "2023.01.31"]
[SourceQuality "1"]

1. b3 Nc6 2. Bb2 Nf6 3. c4 e5 4. g3 Bc5 5. Bg2 d6 6. e3 0-0 7. a3 Re8 8. Nc3 a6 9. Qc2 Qe7 10. d3 Bf5 11. Nge2 Qd7 12. h3 1/2-1/2

[Event "Bremen Silvester op-B"]
[Site "Bremen"]
[Date "2022.12.27"]
[Round "2"]
[White "Michelitsch, Mario"]
[Black "Malinowsky, Celina"]
[Result "1-0"]
[WhiteElo "1562"]
[BlackElo "1487"]
[PlyCount "67"]
[EventDate "2022.12.27"]
[EventType "swiss"]
[EventRounds "7"]
[EventCountry "GER"]
[SourceTitle "CBM 211 Extra"]
[Source "ChessBase"]
[SourceDate "2023.01.31"]
[SourceVersion "1"]
[SourceVersionDate "2023.01.31"]
[SourceQuality "1"]

1. e4 e5 2. Nf3 Nc6 3. Bc4 Bc5 4. c3 Nf6 5. d3 h6 6. b4 Bb6 7. b5 Na5 8. Nxe5 Nxc4 9. Nxc4 d6 10. a4 c6 11. bxc6 bxc6 12. Be3 0-0 13. 0-0 Ba6 14. Nba3 Re8 15. Re1 Rc8 16. Bxb6 axb6 17. Rb1 Rb8 18. Ne3 Qd7 19. f4 Qc7 20. c4 Nd7 21. Qg4 Nc5 22. Nf5 f6 23. Nxh6+ Kf8 24. Nf5 Bc8 25. Re3 Nxa4 26. Rh3 Bxf5 27. Qxf5 Qf7 28. Nc2 Nc3 29. Rb3 Ne2+ 30. Kf1 Nc1 31. Rb1 Na2 32. Nd4 Rec8 33. Rh8+ Ke7 34. Rxc8 1-0

[Event "GER-chT U20 Girls"]
[Site "Willingen"]
[Date "2021.06.24"]
[Round "1.2"]
[White "Malinowsky, Celina"]
[Black "Schmidt, Merle"]
[Result "1-0"]
[WhiteElo "1372"]
[BlackElo "1199"]
[PlyCount "39"]
[EventDate "2021.06.23"]
[EventType "team-swiss"]
[EventRounds "7"]
[EventCountry "GER"]
[SourceTitle "CBM 203 Extra"]
[Source "ChessBase"]
[SourceDate "2021.09.30"]
[SourceVersion "1"]
[SourceVersionDate "2021.09.30"]
[SourceQuality "1"]
[WhiteTeam "Kiel Doppelbauer"]
[BlackTeam "Langen"]
[WhiteTeamCountry "GER"]
[BlackTeamCountry "GER"]

1. e4 e5 2. Nf3 Nc6 3. Bc4 Nf6 4. d3 h6 5. Nbd2 Be7 6. c3 d6 7. 0-0 0-0 8. Re1 Re8 9. Nf1 a6 10. Ng3 b5 11. Bb3 Bg4 12. h3 Bh5 13. Nxh5 Nxh5 14. Bd5 Qd7 15. Nxe5 dxe5 16. Qxh5 Bf6 17. Re3 Re7 18. Rg3 g6 19. Qxg6+ Kf8 20. Qg8# 1-0

[Event "DSOL 04 Liga Gr-D 1st"]
[Site "Playchess.com INT"]
[Date "2020.07.10"]
[Round "3.3"]
[White "Neitsch, Helge"]
[Black "Malinowsky, Celina"]
[Result "1-0"]
[WhiteElo "1794"]
[BlackElo "1540"]
[PlyCount "103"]
[EventDate "2020.06.22"]
[EventType "team-tourn (rapid)"]
[EventCountry "GER"]
[SourceTitle "EXT 2021"]
[Source "ChessBase"]
[SourceDate "2020.10.23"]
[SourceVersion "1"]
[SourceVersionDate "2020.10.23"]
[SourceQuality "1"]
[WhiteTeam "Berlin Nord Ost"]
[BlackTeam "Kiel Doppelbauer"]
[WhiteTeamCountry "GER"]
[BlackTeamCountry "GER"]

1. e4 e5 2. Nf3 Nc6 3. Nc3 Bc5 4. Nxe5 Nxe5 5. d4 Bd6 6. dxe5 Bxe5 7. Bd2 Nf6 8. Bd3 d6 9. 0-0 0-0 10. f4 Bd4+ 11. Kh1 Ng4 12. Qe1 c6 13. h3 Nh6 14. Be3 Bf6 15. Rd1 Re8 16. Qd2 Kh8 17. e5 dxe5 18. fxe5 Bxe5 19. Bxh6 gxh6 20. Qxh6 f5 21. Bxf5 Qe7 22. Rde1 Bxf5 23. Rxf5 Qg7 24. Qe3 Rg8 25. Qxe5 Qxe5 26. Rfxe5 Rad8 27. R1e2 Rgf8 28. Re7 Rf1+ 29. Kh2 Rb8 30. Ne4 Rd8 31. Ng5 Rf6 32. Nf7+ Rxf7 33. Rxf7 Kg8 34. Rxb7 Ra8 35. Ree7 a5 36. Rxh7 a4 37. Rbg7+ Kf8 38. Rh8+ Kxg7 39. Rxa8 c5 40. Rxa4 c4 41. Rxc4 Kf6 42. a4 Ke5 43. a5 Kd5 44. b3 Kd6 45. a6 Kd5 46. a7 Kd6 47. a8Q Kd7 48. Qd5+ Ke7 49. Re4+ Kf8 50. Qf5+ Kg7 51. Rg4+ Kh8 52. Qh5# 1-0

[Event "GER-chT U20 Girls"]
[Site "Braunschweig"]
[Date "2019.12.28"]
[Round "3.8"]
[White "Stelter, Finja"]
[Black "Malinowsky, Celina"]
[Result "0-1"]
[WhiteElo "1054"]
[BlackElo "1293"]
[PlyCount "120"]
[EventDate "2019.12.27"]
[EventType "team-swiss"]
[EventRounds "7"]
[EventCountry "GER"]
[SourceTitle "CBM 194 Extra"]
[Source "ChessBase"]
[SourceDate "2020.03.31"]
[SourceVersion "1"]
[SourceVersionDate "2020.03.31"]
[SourceQuality "1"]
[WhiteTeam "Lehrte"]
[BlackTeam "Kiel Doppelbauer"]
[WhiteTeamCountry "GER"]
[BlackTeamCountry "GER"]

1. e4 e5 2. Nf3 Nc6 3. Bc4 Bc5 4. d3 d6 5. h3 Nf6 6. Nc3 Be6 7. Bb3 h6 8. Be3 Bb6 9. Qd2 Nd4 10. Ba4+ c6 11. Nh2 Ba5 12. Qc1 b5 13. Bb3 0-0 14. g4 Nh7 15. Bd2 Qf6 16. Rg1 Ng5 17. Bxg5 hxg5 18. Kf1 Bb6 19. Nd1 a5 20. c3 Nxb3 21. axb3 Bxb3 22. Ne3 Qf4 23. Rg2 Bxe3 24. Qxe3 d5 25. exd5 Bxd5 26. Qxf4 Bxg2+ 27. Kxg2 gxf4 28. Nf3 f6 29. d4 e4 30. Nd2 Rfe8 31. b4 a4 32. Nf1 a3 33. Ra2 e3 34. fxe3 fxe3 35. Ng3 e2 36. Nxe2 Rxe2+ 37. Rxe2 a2 38. Rxa2 Rxa2+ 39. Kf3 Rc2 40. Ke4 Rxc3 41. d5 cxd5+ 42. Kxd5 Kf7 43. Kd4 Rc8 44. Kd5 Ke7 45. h4 g6 46. Ke4 Rc4+ 47. Kf3 Rxb4 48. g5 fxg5 49. hxg5 Ke6 50. Ke3 Kd5 51. Kd3 Rb3+ 52. Kc2 Rh3 53. Kd2 Ke4 54. Ke2 Rh2+ 55. Kf1 Ke3 56. Kg1 Ra2 57. Kh1 Kf3 58. Kg1 b4 59. Kh1 Kg3 60. Kg1 Ra1# 0-1

[Event "Blankenese op 3rd"]
[Site "Hamburg"]
[Date "2019.10.06"]
[Round "7"]
[White "Thomann, Reinhard"]
[Black "Malinowsky, Celina"]
[Result "1-0"]
[WhiteElo "959"]
[BlackElo "1312"]
[PlyCount "61"]
[EventDate "2019.10.03"]
[EventType "swiss"]
[EventRounds "7"]
[EventCountry "GER"]
[SourceTitle "EXT 2023"]
[Source "ChessBase"]
[SourceDate "2022.10.05"]
[SourceVersion "1"]
[SourceVersionDate "2022.10.05"]
[SourceQuality "1"]

1. d4 d5 2. c4 e6 3. Nc3 c5 4. Nf3 Nc6 5. Bf4 Qb6 6. Na4 Qb4+ 7. Bd2 Qxc4 8. e3 cxd4 9. Bxc4 dxc4 10. exd4 Nf6 11. 0-0 Bd6 12. h3 0-0 13. Nc3 Re8 14. Bg5 Nd5 15. Ne4 Bc7 16. Rc1 h6 17. Bxh6 gxh6 18. Rxc4 Kh7 19. Qc2 f5 20. Ng3 Bxg3 21. fxg3 Ne3 22. Qd3 Nxc4 23. Qxc4 Bd7 24. d5 Na5 25. Qc7 Rg8 26. Qxd7+ Rg7 27. Qxe6 Rag8 28. Ne5 h5 29. Rxf5 Rxg3 30. Rxh5+ Kg7 31. Qf7# 1-0

[Event "Blankenese op 3rd"]
[Site "Hamburg"]
[Date "2019.10.05"]
[Round "6"]
[White "Malinowsky, Celina"]
[Black "Klausberger, Wolfgang"]
[Result "1/2-1/2"]
[WhiteElo "1312"]
[BlackElo "1504"]
[PlyCount "43"]
[EventDate "2019.10.03"]
[EventType "swiss"]
[EventRounds "7"]
[EventCountry "GER"]
[SourceTitle "EXT 2023"]
[Source "ChessBase"]
[SourceDate "2022.10.05"]
[SourceVersion "1"]
[SourceVersionDate "2022.10.05"]
[SourceQuality "1"]

1. e4 d6 2. Nf3 Nf6 3. Nc3 g6 4. Bc4 Bg7 5. d3 0-0 6. Be3 Nc6 7. Qd2 Na5 8. Bb3 Nxb3 9. axb3 b6 10. Bh6 Bb7 11. Bxg7 Kxg7 12. Qg5 e5 13. h4 Nh5 14. Qxd8 Rfxd8 15. g4 Nf4 16. Kd2 a6 17. Rag1 h5 18. gxh5 Nxh5 19. Rg2 Rg8 20. Nd5 Bxd5 21. exd5 Rae8 22. Ng5 1/2-1/2

[Event "Blankenese op 3rd"]
[Site "Hamburg"]
[Date "2019.10.03"]
[Round "2"]
[White "Floren, Dieter"]
[Black "Malinowsky, Celina"]
[Result "1-0"]
[WhiteElo "1601"]
[BlackElo "1312"]
[PlyCount "103"]
[EventDate "2019.10.03"]
[EventType "swiss"]
[EventRounds "7"]
[EventCountry "GER"]
[SourceTitle "EXT 2023"]
[Source "ChessBase"]
[SourceDate "2022.10.05"]
[SourceVersion "1"]
[SourceVersionDate "2022.10.05"]
[SourceQuality "1"]

1. e4 e5 2. Nf3 Nc6 3. Bc4 Bc5 4. d3 d6 5. a4 Be6 6. Ba2 Nf6 7. c3 a6 8. Nbd2 Qd7 9. Nc4 0-0 10. Bg5 Ne8 11. b4 Ba7 12. 0-0 Bg4 13. Ne3 Kh8 14. Nxg4 Qxg4 15. Be3 f5 16. exf5 Rxf5 17. Be6 Qg6 18. Bxf5 Qxf5 19. b5 Nb8 20. Qd2 Bxe3 21. fxe3 Nf6 22. e4 Qd7 23. c4 c6 24. b6 Qd8 25. a5 Nbd7 26. Ng5 Qe7 27. Rf5 Nc5 28. Raf1 Nb3 29. Qe1 Nd4 30. Rxf6 gxf6 31. Nf3 Nxf3+ 32. Rxf3 Rf8 33. Qh4 Rf7 34. Rg3 Rg7 35. Rxg7 Qxg7 36. Qh3 Qg5 37. Qf3 Qc1+ 38. Kf2 Qd2+ 39. Kg3 Qg5+ 40. Kh3 Qh6+ 41. Kg3 Qg5+ 42. Qg4 Qe3+ 43. Kh4 Qh6+ 44. Qh5 Qf4+ 45. Kh3 Qe3+ 46. g3 Qg5 47. Qxg5 fxg5 48. Kg4 h6 49. Kf5 Kg7 50. Ke6 h5 51. Kxd6 Kf6 52. Kc7 1-0